Olympischer Medaillenspiegel - Antwerpen 1920 - Statistiken

Allgemein
  • Dieses Quiz wurde 14 mal gespielt
  • Das Durchschnittsergebnis liegt bei 10 aus 11
Antwortstatistiken
Gold Silber Bronze Gesamt Land % Korrekt
41 27 27 95 Vereinigte Staaten
100%
14 11 11 36 Belgien
93%
9 19 13 41 Frankreich
93%
13 5 5 23 Italien
93%
19 20 25 64 Schweden
93%
15 15 13 43 Großbritannien
86%
4 2 5 11 Niederlande
86%
15 10 9 34 Finnland
79%
13 9 9 31 Norwegen
79%
2 2 7 11 Schweiz
79%
3 9 1 13 Dänemark
71%
Keine übereinstimmenden Quizze gefunden
Verteilung der Resultate
Anzahl Personen mit jedem Resultat
Perzentil nach korrekt beantworteten Fragen
Ihre Resultats-Entwicklung
Sie haben dieses Quiz noch nicht gespielt